00358nam a2200133Ia 450000500170000000800410001704100120005810000090007024500770007926000320015630000080018865000170019670000110021320260331104013.0221030s9999 xx 000 0 und d aEnglish aUSSR 0aConstitution of the Union of Soviet Socialist Republicscby USSR, Moscow bMovosti Pressc1978aMoscow a123 aConstitution aMoscow